|
|
|
|
| LEADER |
00744naa a2200193 i 4500 |
| 001 |
publ21610 |
| 005 |
20220106080812.0 |
| 008 |
210607s2012 hu o 0|| zxx d |
| 020 |
|
|
|a 9786155250057
|
| 024 |
7 |
|
|a 2240993
|2 mtmt
|
| 040 |
|
|
|a SZTE Publicatio Repozitórium
|b hun
|
| 041 |
|
|
|a zxx
|
| 100 |
1 |
|
|a Kérchy Anna
|
| 245 |
1 |
2 |
|a A fogyatékkal élők elfogadását célzó média/művészeti megnyilvánulások lehetőségei, korlátai, és recepciója a mai Magyarországon
|h [elektronikus dokumentum] /
|c Kérchy Anna
|
| 260 |
|
|
|a EKF Líceum Kiadó
|b Eger
|c 2012
|
| 300 |
|
|
|a 13
|
| 300 |
|
|
|a 75-86
|
| 490 |
0 |
|
|a Mi/Más Konferencia 2010.
|
| 856 |
4 |
0 |
|u http://publicatio.bibl.u-szeged.hu/21610/1/2240993fogyatekkalelokelfogadasa.pdf
|z Dokumentum-elérés
|